Statystyki dla Zgadnij co to za postać z Miraculous | Część #13

Kliknij tutaj aby rozwiązać quiz!

Ogólne statystyki

  • Ten quiz został rozwiązany 19 razy
  • Średni wynik to 10 z 16

Statystyki odpowiedzi

Odpowiedź% Poprawnych
Gracz 2.0
100%
Amnesio
82%
Grafficzas
82%
Łowca Kwami
82%
Miraculia
82%
Piekarix
73%
Reflektynka
73%
Tatołak
73%
Cichoszał
64%
Animaestro
55%
Rakieta
45%
Żarłok
45%
Cofelia
36%
Desperata
36%
Oni-chan
27%
Ikari Gozen
18%

Rozkład punktacji

Percentyl według liczby udzielonych odpowiedzi

Procent ludzi z każdym wynikiem

Twoja historia wyników

Nie rozwiązałeś tego quizu